Nghi lễ trong việc cưới - Việc tang của người Dao Khâu ở Sìn Hồ, Lai Châu
Giới thiệu vài nét về người Dao, về nguồn gốc, phong tục tập quán, trang phục, văn hóa. Giới thiệu về lễ cưới, lễ tang, về tín ngưỡng của người Dao
Zapisane w:
| 1. autor: | |
|---|---|
| Korporacja: | |
| Kolejni autorzy: | |
| Język: | Undetermined |
| Wydane: |
Hà Nội
Văn hóa - Thông tin
2011
|
| Hasła przedmiotowe: | |
| Etykiety: |
Dodaj etykietę
Nie ma etykietki, Dołącz pierwszą etykiete!
|
| Thư viện lưu trữ: | Trung tâm Học liệu Trường Đại học Trà Vinh |
|---|
| LEADER | 00960nam a2200277Ia 4500 | ||
|---|---|---|---|
| 001 | TVU_17543 | ||
| 008 | 210423s9999 xx 000 0 und d | ||
| 020 | |a 9786045001080 | ||
| 041 | |a Vie | ||
| 082 | |a 392.09597173 | ||
| 082 | |b NGH300L | ||
| 100 | |a Tẩn, Kim Phu | ||
| 245 | 0 | |a Nghi lễ trong việc cưới - Việc tang của người Dao Khâu | |
| 245 | 0 | |b ở Sìn Hồ, Lai Châu | |
| 245 | 0 | |c Tẩn Kim Phu | |
| 260 | |a Hà Nội | ||
| 260 | |b Văn hóa - Thông tin | ||
| 260 | |c 2011 | ||
| 300 | |a 255 tr. | ||
| 300 | |b hình ảnh | ||
| 300 | |c 21 cm | ||
| 520 | |a Giới thiệu vài nét về người Dao, về nguồn gốc, phong tục tập quán, trang phục, văn hóa. Giới thiệu về lễ cưới, lễ tang, về tín ngưỡng của người Dao | ||
| 650 | |a Văn hóa dân gian | ||
| 700 | |a Tẩn Kim Phu | ||
| 710 | |a Hội văn nghệ dân gian Việt Nam | ||
| 980 | |a Trung tâm Học liệu Trường Đại học Trà Vinh | ||


